logo

Bir Sreshtho Munshi Abdur Rouf Library
Jhenaidah Cadet College

American notes and Pictures from Italy / (Record no. 7926)

MARC details
000 -LEADER
fixed length control field 00906cam a2200289u 4500
001 - CONTROL NUMBER
JCCL Control Number 7926
003 - CONTROL NUMBER IDENTIFIER
JCCL marc code BD-JhCC
005 - DATE AND TIME OF LATEST TRANSACTION
control field 20190311092725.0
008 - FIXED-LENGTH DATA ELEMENTS--GENERAL INFORMATION
fixed length control field 810220s1893 xx a 000 0 eng
035 ## - SYSTEM CONTROL NUMBER
system control number (BD-JhCC)7926
040 ## - CATALOGING SOURCE
Original cataloging agency DLC
Transcribing agency CarP
Modifying agency DLC
-- BD-JhCC
041 ## - LANGUAGE CODE
Language code of Book eng
050 10 - LIBRARY OF CONGRESS CALL NUMBER
Classification number E165
Item number .D612
050 00 - LIBRARY OF CONGRESS CALL NUMBER
Classification number Microfilm 30668 E
082 ## - DEWEY DECIMAL CLASSIFICATION NUMBER
Author mark and Year DIC 1893
Classification number 917.3
100 1# - MAIN ENTRY--PERSONAL NAME
Personal name Dickens, Charles,
Dates associated with a name 1812-1870.
245 10 - TITLE STATEMENT
Title American notes and Pictures from Italy /
Statement of responsibility, etc Charles Dickens,
260 ## - PUBLICATION, DISTRIBUTION, ETC. (IMPRINT)
Place of publication, distribution, etc London and New York,
Name of publisher, distributor, etc Macmillan and co.,
Date of publication, distribution, etc 1893.
300 ## - PHYSICAL DESCRIPTION
Pagination xvii p., 1 l., 379, [1] p.
Other physical details ill., facsim.
Dimensions 20 cm.
651 #0 - SUBJECT ADDED ENTRY--GEOGRAPHIC NAME
Geographic name United States
General subdivision Description and travel.
651 #0 - SUBJECT ADDED ENTRY--GEOGRAPHIC NAME
Geographic name United States
General subdivision Social life and customs
Chronological subdivision 1783-1865.
651 #0 - SUBJECT ADDED ENTRY--GEOGRAPHIC NAME
Geographic name Italy
General subdivision Description and travel.
700 1# - ADDED ENTRY--PERSONAL NAME
Personal name Dickens, Charles,
Dates associated with a name 1837-1896.
740 0# -
Uncontrolled related/analytical title Pictures from Italy.
942 ## - ADDED ENTRY ELEMENTS (KOHA)
Source of classification or shelving scheme Dewey Decimal Classification
Koha item type Books
Holdings
Source of classification or shelving scheme Damaged status Not for loan Home library Current library Shelving location Total Checkouts Full call number Barcode Date last seen Copy number Koha item type
Dewey Decimal Classification     JCC Rouf Library JCC Rouf Library General Stacks   917.3 DIC 1893 10377 02/15/2018 C - 1 Books

JCC Library | Contacts | JCC Home

Last Update on 23 September 2017
Copyright @ 2017-2020 JCC Rouf Library
Rouf Library, Jhenidah Cadet College (JCC), Bangladesh